[Event "EU YCH Team U12 girls"]
[Site "Thessaloniki"]
[Date "2022.07.13"]
[Round "2.2"]
[White "Ashton, Alannah"]
[Black "Kiss, Inez"]
[Result "0-1"]
[WhiteElo "1240"]
[BlackElo "1397"]
[PlyCount "158"]
[EventDate "2022.07.12"]
[EventType "tourn"]
[EventRounds "7"]
[EventCountry "GRE"]
[SourceTitle "Youth Database"]
[Source "CBase R.Goldau"]
[SourceDate "2000.03.01"]
[SourceVersion "1"]
[SourceVersionDate "2022.07.18"]
[SourceQuality "1"]
[WhiteTeam "England"]
[BlackTeam "Ungarn"]
[WhiteTeamCountry "ENG"]
[BlackTeamCountry "HUN"]

1. e4 c6 2. d4 d5 3. e5 Bf5 4. h4 h5 5. Bd3 Bxd3 6. Qxd3 Qa5+ 7. Nd2 Qa6 8. e6
Qxd3 9. exf7+ Kxf7 10. cxd3 Nf6 11. Ndf3 e6 12. Ne5+ Ke8 13. Ngf3 Bb4+ 14. Ke2
Nfd7 15. Ng6 Rg8 16. Ng5 Nf8 17. Nxf8 Bxf8 18. Nxe6 Bd6 19. Bf4 Bxf4 20. Nxf4
g6 21. Rh3 Nd7 22. Re3+ Kf7 23. Kd2 Rae8 24. Rae1 Nf6 25. Rxe8 Rxe8 26. Rxe8
Nxe8 27. Ke3 Nd6 28. Ne2 Nf5+ 29. Kf4 Nxh4 30. g3 Nf5 31. Kg5 a6 32. Nf4 Ne7
33. b4 b6 34. a4 a5 35. bxa5 bxa5 36. f3 Kg7 37. Ne6+ Kf7 38. Nc5 Nf5 39. Nb3
Kg7 40. g4 h4 41. Nd2 h3 42. Nf1 Nxd4 43. Kh4 Nxf3+ 44. Kxh3 Ne5 45. d4 Nf3 46.
Kg3 Nxd4 47. Nd2 Ne2+ 48. Kf3 Nc3 49. Nb3 Nxa4 50. Nxa5 c5 51. Ke3 d4+ 52. Kd3
Kf6 53. Nc6 Nb2+ 54. Kc2 Nc4 55. Nxd4 cxd4 56. Kd3 Ne5+ 57. Kxd4 Nxg4 58. Ke4
Kg5 59. Kf3 Ne5+ 60. Kg3 Kf5 61. Kg2 g5 62. Kg3 Nd3 63. Kf3 g4+ 64. Kg3 Ne5 65.
Kg2 Kf4 66. Kf2 Ke4 67. Kg3 Ke3 68. Kg2 Kf4 69. Kf2 g3+ 70. Kg1 Kg4 71. Kg2 Kh4
72. Kg1 Kh3 73. Kh1 g2+ 74. Kg1 Nf3+ 75. Kf2 g1=Q+ 76. Ke2 Nd4+ 77. Kd3 Qd1+
78. Ke4 Qd2 79. Ke5 Nc6+ 0-1

[Event "EU YCH Team U12 girls"]
[Site "Thessaloniki"]
[Date "2022.07.13"]
[Round "2.1"]
[White "Shatil, Or"]
[Black "Siskou, Evangelia"]
[Result "1-0"]
[WhiteElo "1856"]
[BlackElo "1329"]
[PlyCount "95"]
[EventDate "2022.07.12"]
[EventType "tourn"]
[EventRounds "7"]
[EventCountry "GRE"]
[SourceTitle "Youth Database"]
[Source "CBase R.Goldau"]
[SourceDate "2000.03.01"]
[SourceVersion "1"]
[SourceVersionDate "2022.07.18"]
[SourceQuality "1"]
[WhiteTeam "Israel"]
[BlackTeam "Griechenland"]
[WhiteTeamCountry "ISR"]
[BlackTeamCountry "GRE"]

1. e4 e5 2. Nf3 Nc6 3. c3 Nf6 4. d4 exd4 5. e5 Qe7 6. cxd4 d6 7. Bb5 Bd7 8. O-O
Nd5 9. Bg5 Qe6 10. exd6 Qxd6 11. Re1+ Be7 12. Nc3 f6 13. Bh4 Bg4 14. Bg3 Qd7
15. Qe2 a6 16. Nxd5 axb5 17. Nxc7+ Kf7 18. Nxa8 Nxd4 19. Qxe7+ Qxe7 20. Rxe7+
Kxe7 21. Nxd4 Rxa8 22. Nxb5 Be6 23. a3 Ra6 24. Re1 Kd7 25. Nc7 Rc6 26. Nxe6
Rxe6 27. Rxe6 Kxe6 28. Kf1 Kd5 29. Ke2 Kc4 30. Kd2 Kb3 31. Kc1 g6 32. f4 f5 33.
Be1 Kc4 34. Kc2 b6 35. Bc3 b5 36. b3+ Kc5 37. Kd3 Kd5 38. a4 bxa4 39. bxa4 Kc5
40. a5 Kd5 41. a6 Kc6 42. a7 Kb7 43. Bd4 Ka8 44. Kc4 h6 45. Kd5 g5 46. fxg5
hxg5 47. Ke5 f4 48. Kf5 1-0

[Event "EU YCH Team U12 girls"]
[Site "Thessaloniki"]
[Date "2022.07.13"]
[Round "2.2"]
[White "Anemogianni, Savvina"]
[Black "Levitan, Liel"]
[Result "1/2-1/2"]
[WhiteElo "1165"]
[BlackElo "1473"]
[PlyCount "108"]
[EventDate "2022.07.12"]
[EventType "tourn"]
[EventRounds "7"]
[EventCountry "GRE"]
[SourceTitle "Youth Database"]
[Source "CBase R.Goldau"]
[SourceDate "2000.03.01"]
[SourceVersion "1"]
[SourceVersionDate "2022.07.18"]
[SourceQuality "1"]
[WhiteTeam "Griechenland"]
[BlackTeam "Israel"]
[WhiteTeamCountry "GRE"]
[BlackTeamCountry "ISR"]

1. e4 e5 2. Nf3 Nc6 3. d4 exd4 4. Nxd4 Nf6 5. Nc3 Bb4 6. Nxc6 bxc6 7. Bd3 O-O
8. O-O d5 9. exd5 cxd5 10. Bg5 c6 11. h3 Bd6 12. Qf3 Rb8 13. Rab1 Be6 14. Rfe1
h6 15. Bh4 c5 16. Bf5 Bxf5 17. Qxf5 Be7 18. Bg3 Rb6 19. Re5 Bd6 20. Ree1 Bxg3
21. fxg3 Qd6 22. Qf4 Qxf4 23. gxf4 Rb4 24. g3 Rfb8 25. b3 Rd4 26. Rbd1 Rxd1 27.
Rxd1 d4 28. Ne2 Re8 29. Nc1 Ne4 30. Kg2 Nc3 31. Rf1 Re3 32. Rf3 Re1 33. Rf1
Rxf1 34. Kxf1 Ne4 35. Kg2 f5 36. Nd3 Nc3 37. Nxc5 Kf7 38. a4 Ke7 39. g4 g6 40.
Nd3 Nd5 41. gxf5 gxf5 42. Kf3 Kd6 43. Ne5 Ke6 44. Nc6 a6 45. Nxd4+ Kf6 46. c4
Nb4 47. Ke3 Kg6 48. Kd2 Kf6 49. Kc3 a5 50. c5 Kg6 51. c6 Kf6 52. c7 Nd5+ 53.
Kd3 Nxc7 54. Nc6 Nd5 1/2-1/2

[Event "EU YCH Team U12 girls"]
[Site "Thessaloniki"]
[Date "2022.07.13"]
[Round "2.1"]
[White "Aydogan, Arya"]
[Black "Smietanska, Wiktoria"]
[Result "0-1"]
[WhiteElo "1460"]
[BlackElo "1919"]
[PlyCount "106"]
[EventDate "2022.07.12"]
[EventType "tourn"]
[EventRounds "7"]
[EventCountry "GRE"]
[SourceTitle "Youth Database"]
[Source "CBase R.Goldau"]
[SourceDate "2000.03.01"]
[SourceVersion "1"]
[SourceVersionDate "2022.07.18"]
[SourceQuality "1"]
[WhiteTeam "Türkei"]
[BlackTeam "Polen"]
[WhiteTeamCountry "TUR"]
[BlackTeamCountry "POL"]

1. e4 c5 2. Nf3 d6 3. Bb5+ Bd7 4. Bxd7+ Qxd7 5. O-O Nc6 6. Re1 Nf6 7. c3 e6 8.
d4 cxd4 9. cxd4 d5 10. e5 Ne4 11. Nbd2 Nxd2 12. Bxd2 Be7 13. Rc1 O-O 14. Rc3 f6
15. exf6 Bxf6 16. Rd3 Qf7 17. Qe2 Rae8 18. Bc3 b5 19. a3 a6 20. Re3 Nd8 21. Bb4
Be7 22. Ne5 Qf4 23. Bxe7 Rxe7 24. Rd1 Rc7 25. Rf3 Qg5 26. Rg3 Qf5 27. Rf3 Qc2
28. Re3 Rf6 29. Ng4 Rf4 30. h3 Rc4 31. Rd2 Qb1+ 32. Rd1 Qf5 33. Red3 Qf8 34. g3
Re4 35. Qd2 Nc6 36. Qg5 Rexd4 37. b3 Rxd3 38. Rxd3 Rc2 39. Kg2 Qe7 40. Nh6+ Kh8
41. Rf3 gxh6 42. Qxh6 Kg8 43. Rf4 Ne5 44. Rf6 Nf7 45. Qh4 Rc7 46. Qg4+ Kf8 47.
Rxe6 Qd7 48. Qe2 d4 49. Rxa6 Qd5+ 50. Kh2 Rc1 51. f3 d3 52. Qe3 Rc2+ 53. Kg1 d2
0-1

[Event "EU YCH Team U12 girls"]
[Site "Thessaloniki"]
[Date "2022.07.13"]
[Round "2.2"]
[White "Nurkiewicz, Anna"]
[Black "Mutlu, Julide Aysu"]
[Result "0-1"]
[WhiteElo "1303"]
[BlackElo "1228"]
[PlyCount "110"]
[EventDate "2022.07.12"]
[EventType "tourn"]
[EventRounds "7"]
[EventCountry "GRE"]
[SourceTitle "Youth Database"]
[Source "CBase R.Goldau"]
[SourceDate "2000.03.01"]
[SourceVersion "1"]
[SourceVersionDate "2022.07.18"]
[SourceQuality "1"]
[WhiteTeam "Polen"]
[BlackTeam "Türkei"]
[WhiteTeamCountry "POL"]
[BlackTeamCountry "TUR"]

1. d4 Nf6 2. c4 g6 3. Nc3 d5 4. cxd5 Nxd5 5. g3 Bg7 6. Bg2 Nxc3 7. bxc3 c5 8.
e3 O-O 9. Ne2 Nc6 10. O-O Qa5 11. a4 cxd4 12. cxd4 Rd8 13. Ba3 e5 14. d5 e4 15.
Bxe4 Bxa1 16. Qxa1 Nb8 17. Qd4 Nd7 18. Rb1 a6 19. f4 b5 20. d6 Rb8 21. Bd5 Qb6
22. Qc3 Re8 23. Kf2 Bb7 24. Bb2 Nf6 25. Bxf7+ Kf8 26. Bd5 Qxe3+ 27. Qxe3 Ng4+
28. Ke1 Rxe3 29. Bxb7 Rxb7 30. Rd1 Rd7 31. h3 Nh6 32. axb5 axb5 33. Be5 b4 34.
Kf2 Ra3 35. Nd4 Kf7 36. Nc6 Ra2+ 37. Kf3 b3 38. Nb8 Rd8 39. d7 Rc2 40. g4 Ng8
41. g5 b2 42. Bxb2 Rxb8 43. Bd4 Ne7 44. Bb6 Nc6 45. d8=Q Nxd8 46. Bxd8 Rb3+ 47.
Ke4 Ke6 48. Kd4 Rxh3 49. Rd3 Rxd3+ 50. Kxd3 Rc6 51. Bf6 Kf5 52. Be5 Ra6 53. Ke3
Ra3+ 54. Kf2 Kg4 55. Ke2 Rf3 0-1

[Event "EU YCH Team U12 girls"]
[Site "Thessaloniki"]
[Date "2022.07.14"]
[Round "3.1"]
[White "Siskou, Evangelia"]
[Black "Aydogan, Arya"]
[Result "1/2-1/2"]
[WhiteElo "1329"]
[BlackElo "1460"]
[PlyCount "92"]
[EventDate "2022.07.12"]
[EventType "tourn"]
[EventRounds "7"]
[EventCountry "GRE"]
[SourceTitle "Youth Database"]
[Source "CBase R.Goldau"]
[SourceDate "2000.03.01"]
[SourceVersion "1"]
[SourceVersionDate "2022.07.18"]
[SourceQuality "1"]
[WhiteTeam "Griechenland"]
[BlackTeam "Türkei"]
[WhiteTeamCountry "GRE"]
[BlackTeamCountry "TUR"]

1. e4 e5 2. Nf3 Nc6 3. Bb5 a6 4. Ba4 Nf6 5. O-O Nxe4 6. d4 b5 7. Bb3 d5 8. dxe5
Be6 9. Qe2 Nc5 10. Be3 Nxb3 11. axb3 Be7 12. Rd1 Qc8 13. c3 O-O 14. b4 Bg4 15.
Bf4 Qf5 16. Bg3 Qe4 17. Qd3 h5 18. Qxd5 Bxf3 19. gxf3 Qxd5 20. Rxd5 g5 21. h3
Rfd8 22. Rd2 Bf8 23. Kg2 Bg7 24. Rxd8+ Nxd8 25. Na3 Rb8 26. Nc2 Nc6 27. Rxa6
Nxe5 28. Nd4 Nd3 29. Bxc7 Rb7 30. Bg3 Nxb4 31. cxb4 Bxd4 32. b3 Rb6 33. Rxb6
Bxb6 34. f4 gxf4 35. Bxf4 f5 36. f3 Kf7 37. Kg3 Bd8 38. Kf2 Ke6 39. Be3 Be7 40.
Bc5 Bf6 41. Ke3 Bg5+ 42. Kd3 Kd5 43. Bf8 Bc1 44. Be7 Bh6 45. Bc5 Bg5 46. Ke2
Bd8 1/2-1/2

[Event "EU YCH Team U12 girls"]
[Site "Thessaloniki"]
[Date "2022.07.14"]
[Round "3.2"]
[White "Mutlu, Julide Aysu"]
[Black "Anemogianni, Savvina"]
[Result "1-0"]
[WhiteElo "1228"]
[BlackElo "1165"]
[PlyCount "75"]
[EventDate "2022.07.12"]
[EventType "tourn"]
[EventRounds "7"]
[EventCountry "GRE"]
[SourceTitle "Youth Database"]
[Source "CBase R.Goldau"]
[SourceDate "2000.03.01"]
[SourceVersion "1"]
[SourceVersionDate "2022.07.18"]
[SourceQuality "1"]
[WhiteTeam "Türkei"]
[BlackTeam "Griechenland"]
[WhiteTeamCountry "TUR"]
[BlackTeamCountry "GRE"]

1. Nf3 d5 2. b3 Bg4 3. Bb2 Nd7 4. d4 Ngf6 5. Nbd2 e6 6. e3 Bd6 7. Be2 O-O 8.
O-O h6 9. c4 c6 10. Ne5 Bxe2 11. Qxe2 Qc7 12. f4 Bb4 13. Ndf3 Ne4 14. Rac1 Nxe5
15. fxe5 Qa5 16. a3 Be7 17. Qe1 Qxe1 18. Rcxe1 Rac8 19. Re2 g6 20. Nd2 Nxd2 21.
Rxd2 Bg5 22. Re2 h5 23. e4 dxc4 24. bxc4 Rfd8 25. Rd1 b5 26. cxb5 cxb5 27. d5
exd5 28. exd5 Rc5 29. d6 Kf8 30. Bd4 Rd5 31. Kf1 Bf4 32. g3 Bg5 33. h4 Bh6 34.
Ke1 a6 35. Bb6 Rxd1+ 36. Kxd1 Rd7 37. Rc2 Bg7 38. Rc8+ 1-0

[Event "EU YCH Team U12 girls"]
[Site "Thessaloniki"]
[Date "2022.07.14"]
[Round "3.1"]
[White "Aldea, Maria-Antonia"]
[Black "Shatil, Or"]
[Result "1/2-1/2"]
[WhiteElo "1655"]
[BlackElo "1856"]
[PlyCount "60"]
[EventDate "2022.07.12"]
[EventType "tourn"]
[EventRounds "7"]
[EventCountry "GRE"]
[SourceTitle "Youth Database"]
[Source "CBase R.Goldau"]
[SourceDate "2000.03.01"]
[SourceVersion "1"]
[SourceVersionDate "2022.07.18"]
[SourceQuality "1"]
[WhiteTeam "Rumänien"]
[BlackTeam "Israel"]
[WhiteTeamCountry "ROU"]
[BlackTeamCountry "ISR"]

1. d4 Nf6 2. Nf3 g6 3. g3 b6 4. Bg2 Bb7 5. c4 Bg7 6. b3 c5 7. Bb2 cxd4 8. Bxd4
O-O 9. O-O Nc6 10. Bb2 d5 11. Nbd2 Rc8 12. Rc1 dxc4 13. Nxc4 b5 14. Qxd8 Rfxd8
15. Nce5 Nxe5 16. Bxe5 b4 17. Nd4 Nd5 18. Bxg7 Kxg7 19. Bxd5 Bxd5 20. Nc2 a5
21. Ne3 Be6 22. Rfd1 Rxd1+ 23. Rxd1 a4 24. Rd4 axb3 25. axb3 Rc1+ 26. Kg2 Rc3
27. Rxb4 Rxb3 28. Rxb3 Bxb3 29. Nf1 Bd5+ 30. f3 f5 1/2-1/2

[Event "EU YCH Team U12 girls"]
[Site "Thessaloniki"]
[Date "2022.07.14"]
[Round "3.2"]
[White "Levitan, Liel"]
[Black "Badica, Ariana"]
[Result "0-1"]
[WhiteElo "1473"]
[BlackElo "1527"]
[PlyCount "96"]
[EventDate "2022.07.12"]
[EventType "tourn"]
[EventRounds "7"]
[EventCountry "GRE"]
[SourceTitle "Youth Database"]
[Source "CBase R.Goldau"]
[SourceDate "2000.03.01"]
[SourceVersion "1"]
[SourceVersionDate "2022.07.18"]
[SourceQuality "1"]
[WhiteTeam "Israel"]
[BlackTeam "Rumänien"]
[WhiteTeamCountry "ISR"]
[BlackTeamCountry "ROU"]

1. e4 c5 2. c3 Nf6 3. e5 Nd5 4. d4 cxd4 5. cxd4 e6 6. Nf3 d6 7. a3 Bd7 8. Bd3
Bc6 9. O-O Nd7 10. Bc2 Be7 11. Qd3 a6 12. Nc3 Rc8 13. Nxd5 Bb5 14. Qd2 exd5 15.
Re1 dxe5 16. dxe5 O-O 17. Nd4 Qc7 18. Nxb5 axb5 19. Bf5 Rcd8 20. Qd3 g6 21.
Bxd7 Qxd7 22. Bh6 Rfe8 23. Qd4 Bf8 24. Bxf8 Rxf8 25. Rac1 Rc8 26. Rcd1 Rfd8 27.
Qd3 Rc5 28. h3 Qc6 29. Qe3 Rc2 30. e6 fxe6 31. Qxe6+ Qxe6 32. Rxe6 Rxb2 33. Rb6
d4 34. Rxb7 d3 35. Kf1 Re8 36. Rd7 Ree2 37. R7xd3 Rxf2+ 38. Kg1 Rxg2+ 39. Kf1
Rh2 40. Kg1 Kg7 41. Rd7+ Kh6 42. R7d3 Kh5 43. Rd5+ g5 44. R5d3 Rhg2+ 45. Kf1
Kh4 46. Rc1 h5 47. Rcd1 Rh2 48. Kg1 Rxh3 0-1

[Event "EU YCH Team U12 girls"]
[Site "Thessaloniki"]
[Date "2022.07.14"]
[Round "3.1"]
[White "Smietanska, Wiktoria"]
[Black "Molnar, Dalma Reka"]
[Result "1/2-1/2"]
[WhiteElo "1919"]
[BlackElo "1521"]
[PlyCount "94"]
[EventDate "2022.07.12"]
[EventType "tourn"]
[EventRounds "7"]
[EventCountry "GRE"]
[SourceTitle "Youth Database"]
[Source "CBase R.Goldau"]
[SourceDate "2000.03.01"]
[SourceVersion "1"]
[SourceVersionDate "2022.07.18"]
[SourceQuality "1"]
[WhiteTeam "Polen"]
[BlackTeam "Ungarn"]
[WhiteTeamCountry "POL"]
[BlackTeamCountry "HUN"]

1. c4 c6 2. Nf3 d5 3. e3 Nf6 4. b3 Bf5 5. Bb2 e6 6. Be2 Nbd7 7. O-O h6 8. d4
Bd6 9. Nc3 O-O 10. Bd3 Bxd3 11. Qxd3 Qe7 12. e4 dxe4 13. Nxe4 Nxe4 14. Qxe4 Nf6
15. Qe2 Rfd8 16. Rfe1 Bb4 17. Red1 a6 18. a3 Ba5 19. Rac1 Rac8 20. h3 b5 21.
Ne5 Nd7 22. cxb5 Nxe5 23. Qxe5 cxb5 24. Rxc8 Rxc8 25. d5 f6 26. Qe4 Rd8 27. b4
Bc7 28. Re1 e5 29. Rc1 a5 30. Rc5 axb4 31. axb4 Rb8 32. Rc6 Bd6 33. Bc3 Ra8 34.
Qg4 Ra4 35. Qf5 Ra8 36. g3 Bxb4 37. Bxb4 Qxb4 38. Rc8+ Rxc8 39. Qxc8+ Kh7 40.
Qc6 Qe1+ 41. Kg2 Qe4+ 42. Kh2 b4 43. Qb5 Qd4 44. Kg2 f5 45. h4 f4 46. gxf4 exf4
47. Kf3 Qe5 1/2-1/2

[Event "EU YCH Team U12 girls"]
[Site "Thessaloniki"]
[Date "2022.07.14"]
[Round "3.2"]
[White "Kiss, Inez"]
[Black "Nurkiewicz, Anna"]
[Result "1/2-1/2"]
[WhiteElo "1397"]
[BlackElo "1303"]
[PlyCount "115"]
[EventDate "2022.07.12"]
[EventType "tourn"]
[EventRounds "7"]
[EventCountry "GRE"]
[SourceTitle "Youth Database"]
[Source "CBase R.Goldau"]
[SourceDate "2000.03.01"]
[SourceVersion "1"]
[SourceVersionDate "2022.07.18"]
[SourceQuality "1"]
[WhiteTeam "Ungarn"]
[BlackTeam "Polen"]
[WhiteTeamCountry "HUN"]
[BlackTeamCountry "POL"]

1. e4 c5 2. Nf3 g6 3. d4 cxd4 4. Nxd4 Nc6 5. Nc3 Bg7 6. Be3 d6 7. f3 Nf6 8. Bc4
O-O 9. Qd2 a6 10. O-O-O Qc7 11. Bb3 Ne5 12. g4 Nc4 13. Bxc4 Qxc4 14. h4 b5 15.
Kb1 Bd7 16. h5 Bh8 17. hxg6 fxg6 18. Qh2 Rf7 19. Nde2 b4 20. Nd5 Nxd5 21. exd5
Rc8 22. Nf4 Be5 23. Qg2 Bxf4 24. Rd4 Qxc2+ 25. Qxc2 Rxc2 26. Bxf4 Rf2 27. Rxb4
Rxf3 28. Bh6 Rf1+ 29. Rxf1 Rxf1+ 30. Kc2 Bb5 31. a4 Be8 32. Rb8 Kf7 33. a5 Re1
34. Kc3 e6 35. Rb7+ Kf6 36. g5+ Ke5 37. Re7 Kxd5 38. Rxe8 Rc1+ 39. Kd2 Rc5 40.
b4 Rc4 41. Rb8 e5 42. Rb6 Rf4 43. b5 axb5 44. Rxb5+ Kc6 45. Rb8 Ra4 46. Rh8
Rxa5 47. Rxh7 Kc5 48. Rg7 Kd4 49. Rxg6 d5 50. Bg7 Ra2+ 51. Kc1 Rg2 52. Bf6 Ke4
53. Rg8 Kf5 54. Rf8 d4 55. Bh8+ Ke4 56. Bf6 Kf5 57. Rh8 d3 58. Rh1 1/2-1/2

[Event "EU YCH Team U12 girls"]
[Site "Thessaloniki"]
[Date "2022.07.15"]
[Round "4.1"]
[White "Jayawarna, Thisumi"]
[Black "Smietanska, Wiktoria"]
[Result "1/2-1/2"]
[WhiteElo "1369"]
[BlackElo "1919"]
[PlyCount "113"]
[EventDate "2022.07.12"]
[EventType "tourn"]
[EventRounds "7"]
[EventCountry "GRE"]
[SourceTitle "Youth Database"]
[Source "CBase R.Goldau"]
[SourceDate "2000.03.01"]
[SourceVersion "1"]
[SourceVersionDate "2022.07.18"]
[SourceQuality "1"]
[WhiteTeam "England"]
[BlackTeam "Polen"]
[WhiteTeamCountry "ENG"]
[BlackTeamCountry "POL"]

1. e4 c5 2. Nf3 g6 3. d4 cxd4 4. Nxd4 Nc6 5. Nc3 Bg7 6. Be3 Nf6 7. f3 O-O 8.
Qd2 d5 9. O-O-O dxe4 10. Nxc6 Qxd2+ 11. Rxd2 bxc6 12. fxe4 Ng4 13. Nd1 Rb8 14.
b3 Nxe3 15. Nxe3 Bh6 16. Re2 Rd8 17. Re1 Be6 18. Kb2 Rd2 19. g3 Rbd8 20. Kb1
Bxe3 21. Rxe3 Rd1+ 22. Kb2 Bh3 23. Rf3 e6 24. Rf2 R8d4 25. Bg2 Bxg2 26. Rxd1
Rxd1 27. Rxg2 Re1 28. Rd2 Rxe4 29. Rd8+ Kg7 30. Rc8 Rd4 31. Rxc6 e5 32. Ra6 Rd7
33. Ra4 f5 34. Kc3 Kf6 35. h4 Kg7 36. Rc4 Kh6 37. a4 Kh5 38. a5 e4 39. Rd4 Rc7+
40. Rc4 Re7 41. Kd2 Kg4 42. Rc3 h6 43. b4 Rb7 44. Rb3 g5 45. hxg5 hxg5 46. b5
f4 47. gxf4 gxf4 48. b6 e3+ 49. Ke2 axb6 50. axb6 Kg3 51. c4 Kg2 52. Rb2 Kg3
53. c5 Rh7 54. Kd3 Rd7+ 55. Ke2 Rh7 56. Kd3 Rd7+ 57. Ke2 1/2-1/2

[Event "EU YCH Team U12 girls"]
[Site "Thessaloniki"]
[Date "2022.07.15"]
[Round "4.2"]
[White "Nurkiewicz, Anna"]
[Black "Ashton, Alannah"]
[Result "1/2-1/2"]
[WhiteElo "1303"]
[BlackElo "1240"]
[PlyCount "61"]
[EventDate "2022.07.12"]
[EventType "tourn"]
[EventRounds "7"]
[EventCountry "GRE"]
[SourceTitle "Youth Database"]
[Source "CBase R.Goldau"]
[SourceDate "2000.03.01"]
[SourceVersion "1"]
[SourceVersionDate "2022.07.18"]
[SourceQuality "1"]
[WhiteTeam "Polen"]
[BlackTeam "England"]
[WhiteTeamCountry "POL"]
[BlackTeamCountry "ENG"]

1. e4 c5 2. Nf3 d6 3. d4 cxd4 4. Nxd4 Nf6 5. Nc3 g6 6. Be3 Bg7 7. f3 O-O 8. Qd2
Nc6 9. O-O-O d5 10. Kb1 Nxd4 11. e5 Nd7 12. Bxd4 Nxe5 13. f4 Nc6 14. Bxg7 Kxg7
15. Qxd5 Bg4 16. Re1 Qxd5 17. Nxd5 Rfd8 18. Nc3 Bf5 19. Bc4 Rd2 20. Re2 Bxc2+
21. Kc1 Rxe2 22. Bxe2 Bf5 23. Bf3 Nb4 24. g4 Be6 25. Rd1 Rc8 26. Kb1 Rc4 27.
Ne2 h5 28. b3 Rc7 29. h3 hxg4 30. hxg4 a6 31. Nd4 1/2-1/2

[Event "EU YCH Team U12 girls"]
[Site "Thessaloniki"]
[Date "2022.07.15"]
[Round "4.1"]
[White "Molnar, Dalma Reka"]
[Black "Siskou, Evangelia"]
[Result "1/2-1/2"]
[WhiteElo "1521"]
[BlackElo "1329"]
[PlyCount "99"]
[EventDate "2022.07.12"]
[EventType "tourn"]
[EventRounds "7"]
[EventCountry "GRE"]
[SourceTitle "Youth Database"]
[Source "CBase R.Goldau"]
[SourceDate "2000.03.01"]
[SourceVersion "1"]
[SourceVersionDate "2022.07.18"]
[SourceQuality "1"]
[WhiteTeam "Ungarn"]
[BlackTeam "Griechenland"]
[WhiteTeamCountry "HUN"]
[BlackTeamCountry "GRE"]

1. e4 e5 2. Nf3 Nc6 3. Nc3 Nf6 4. Bb5 Bb4 5. O-O d6 6. Nd5 Bc5 7. d3 Nxd5 8.
exd5 a6 9. Bxc6+ bxc6 10. dxc6 O-O 11. d4 exd4 12. Nxd4 Bxd4 13. Qxd4 Qe8 14.
Qc3 Qe4 15. Re1 Qd5 16. Bf4 Be6 17. a4 Qf5 18. Bg3 Rab8 19. b4 Rb6 20. a5 Rb5
21. Qd2 Rfb8 22. c3 Rd5 23. Qe2 Rd3 24. Rac1 h6 25. Red1 Bc4 26. Rxd3 Bxd3 27.
Qe7 Rc8 28. Re1 Bb5 29. Qe4 Qxe4 30. Rxe4 Bxc6 31. Re1 Re8 32. Rxe8+ Bxe8 33.
Kf1 Kf8 34. Bf4 Ke7 35. Ke2 Bb5+ 36. Ke3 g5 37. Bg3 Bf1 38. Kd4 Bxg2 39. c4 c6
40. Kc3 Bf1 41. Kd4 Ke6 42. f4 Bh3 43. Ke4 f5+ 44. Kd4 g4 45. Bh4 Bf1 46. Bg3
Kf6 47. Bh4+ Kg6 48. Bg3 Be2 49. Bh4 g3 50. hxg3 1/2-1/2

[Event "EU YCH Team U12 girls"]
[Site "Thessaloniki"]
[Date "2022.07.15"]
[Round "4.2"]
[White "Anemogianni, Savvina"]
[Black "Biro, Beata"]
[Result "0-1"]
[WhiteElo "1165"]
[BlackElo "1551"]
[PlyCount "76"]
[EventDate "2022.07.12"]
[EventType "tourn"]
[EventRounds "7"]
[EventCountry "GRE"]
[SourceTitle "Youth Database"]
[Source "CBase R.Goldau"]
[SourceDate "2000.03.01"]
[SourceVersion "1"]
[SourceVersionDate "2022.07.18"]
[SourceQuality "1"]
[WhiteTeam "Griechenland"]
[BlackTeam "Ungarn"]
[WhiteTeamCountry "GRE"]
[BlackTeamCountry "HUN"]

1. e4 c5 2. Nf3 e6 3. b3 Nc6 4. Bb2 d5 5. exd5 exd5 6. g3 Nf6 7. Bg2 Be7 8. O-O
O-O 9. Nc3 Bg4 10. d3 h6 11. Qd2 Re8 12. Rfe1 Qc7 13. a3 Rad8 14. Ne2 Qb6 15.
Nf4 c4 16. dxc4 dxc4 17. Qc3 cxb3 18. cxb3 Bc5 19. Nd3 Rxe1+ 20. Rxe1 Bf8 21.
Nde5 Nxe5 22. Nxe5 Be6 23. b4 Nd5 24. Qc2 a5 25. Nc4 Qc7 26. Ne3 Qxc2 27. Nxc2
axb4 28. axb4 Nxb4 29. Nxb4 Bxb4 30. Ra1 b6 31. h4 Bc5 32. Ra7 Rd2 33. Ra8+ Kh7
34. Be4+ f5 35. Bc1 Rd1+ 36. Kg2 fxe4 37. Bf4 e3 38. fxe3 Bd5+ 0-1

[Event "EU YCH Team U12 girls"]
[Site "Thessaloniki"]
[Date "2022.07.15"]
[Round "4.1"]
[White "Aydogan, Arya"]
[Black "Aldea, Maria-Antonia"]
[Result "0-1"]
[WhiteElo "1460"]
[BlackElo "1655"]
[PlyCount "126"]
[EventDate "2022.07.12"]
[EventType "tourn"]
[EventRounds "7"]
[EventCountry "GRE"]
[SourceTitle "Youth Database"]
[Source "CBase R.Goldau"]
[SourceDate "2000.03.01"]
[SourceVersion "1"]
[SourceVersionDate "2022.07.18"]
[SourceQuality "1"]
[WhiteTeam "Türkei"]
[BlackTeam "Rumänien"]
[WhiteTeamCountry "TUR"]
[BlackTeamCountry "ROU"]

1. e4 c5 2. Nf3 e6 3. c3 d5 4. exd5 Qxd5 5. d4 Nf6 6. Na3 Nc6 7. Be3 cxd4 8.
Nb5 Qd8 9. Nbxd4 Be7 10. Bd3 O-O 11. Nxc6 bxc6 12. O-O Qc7 13. Qc2 c5 14. Nd2
h6 15. h3 Bb7 16. c4 Rfd8 17. Rad1 Kh8 18. Ne4 Qc6 19. f3 Nh5 20. Qf2 Rac8 21.
g4 Nf6 22. Nxf6 Bxf6 23. Be4 Qa6 24. Bxb7 Qxb7 25. b3 Qc7 26. Kg2 Qa5 27. Qc2
Bd4 28. Bf2 Rd7 29. Rd3 Rcd8 30. Rfd1 e5 31. Qd2 Qxd2 32. R3xd2 g5 33. Bg3 f6
34. Bf2 Kg7 35. Bg1 Kg6 36. Bh2 Rb7 37. Bg1 Kf7 38. Rd3 Rdb8 39. Bf2 a5 40. Rb1
a4 41. Be1 Kg6 42. Bd2 f5 43. gxf5+ Kxf5 44. Be1 h5 45. Bd2 Rg8 46. Rf1 axb3
47. Rxb3 Ra7 48. a3 Rga8 49. Bc1 Ra4 50. Rb7 Rg8 51. Kh1 Rxc4 52. Bd2 Rc2 53.
Rd1 c4 54. Rc7 c3 55. Bc1 Rb8 56. Rg7 Rb1 57. Rxg5+ Kf6 58. Rxh5 Rbxc1 59. Rxc1
Rxc1+ 60. Kg2 Rg1+ 61. Kh2 c2 62. Rh6+ Kg7 63. Rc6 c1=Q 0-1

[Event "EU YCH Team U12 girls"]
[Site "Thessaloniki"]
[Date "2022.07.15"]
[Round "4.2"]
[White "Badica, Ariana"]
[Black "Mutlu, Julide Aysu"]
[Result "0-1"]
[WhiteElo "1527"]
[BlackElo "1228"]
[PlyCount "62"]
[EventDate "2022.07.12"]
[EventType "tourn"]
[EventRounds "7"]
[EventCountry "GRE"]
[SourceTitle "Youth Database"]
[Source "CBase R.Goldau"]
[SourceDate "2000.03.01"]
[SourceVersion "1"]
[SourceVersionDate "2022.07.18"]
[SourceQuality "1"]
[WhiteTeam "Rumänien"]
[BlackTeam "Türkei"]
[WhiteTeamCountry "ROU"]
[BlackTeamCountry "TUR"]

1. e4 c5 2. Nc3 e6 3. g3 d5 4. exd5 exd5 5. Bg2 Nf6 6. Nge2 Be7 7. O-O O-O 8.
Nf4 d4 9. Ne4 Nc6 10. d3 Bf5 11. Re1 Re8 12. Nxf6+ Bxf6 13. Nd5 Be5 14. Bf4 Qd7
15. Qd2 Rac8 16. Bxe5 Nxe5 17. Qg5 Ng6 18. h4 h6 19. Qd2 Ne5 20. Re2 Bg4 21.
Ree1 Nf3+ 22. Bxf3 Bxf3 23. Nf4 g5 24. hxg5 hxg5 25. Nh5 Bxh5 26. Qxg5+ Bg6 27.
Kg2 Qf5 28. Qh4 Bh5 29. Kg1 Bf3 30. Rf1 Kg7 31. Qf4 Qxf4 0-1